00243pam a2200109 a 4500020000500000041000800005082000800013100001600021245004600037260003700083300001300120 c aeng bMIT aMittal RL . aLibrary Admisistraion hTextual Documents aNew Delhi :bMetropolitan Book . a840 pg .